Petits mammifères et leurs noms scientifiques - Statistiques

Statistiques générales
  • Ce quiz a été pris 49 fois
  • Le résultat moyen est 4 sur 13
Statistiques - réponses
Nom Vernaculaire Nom Scientifique % Correct
Souris Mus Musculus
82%
Lapin Oryctolagus Cuniculus
55%
Cochon d'Inde Cavia Porcellus
50%
Octodon Octodon Degus
36%
Chinchilla Chinchilla Lanigera
32%
Hamster Russe Phodopus Sungorus
27%
Hamster Doré Mesocricetus Auratus
23%
Hamster de Roborovski Phodopus Roborovskii
23%
Gerbille Meriones Unguiculatus
18%
Rat Rattus Norvegicus Domesticus
18%
Hamster Chinois Cricetulus Griseus
14%
Furet Mustela Putorius Furo
14%
Écureuil de Corée Tamias Sibiricus
14%
Aucun quiz correspondant
Distribution des résultats
% des personnes avec chaque résultat
Percentile par nombre de réponses
Votre historique - résultats
Vous n’avez pas pris ce quiz